The travelers' guide to European customs & manners ; how to converse, dine, tip, drive, bargain, dress, make friends & conduct business while in Europe /

Bibliographic Details
Main Author: Braganti, Nancy L., 1941-
Other Authors: Devine, Elizabeth, 1938-
Format: Book
Language:English
Published: Deephaven, MN : Meadowbrook Books, [1984]
Subjects:

MARC

Tag First Indicator Second Indicator Subfields
LEADER 00000pam a2200000 a 4500
001 in00000441821
005 20151012073951.0
008 831109s1984 mnua 00010 eng
010 |a  83023700  
020 |a 0881660094 (pbk.) :  |c $5.95 
035 |a (OCoLC)10162901 
035 |9 ABX1494AM 
039 0 |a 2  |b 3  |c 3  |d 3  |e 3 
040 |a DLC  |c DLC  |d TXA  |d UtOrBLW 
043 |a e------ 
049 |a TXAM  |c [A10031440] 
050 0 0 |a D909  |b .B722 1984 
082 0 |a 914/.0455  |2 19 
100 1 |a Braganti, Nancy L.,  |d 1941- 
245 1 4 |a The travelers' guide to European customs & manners ;  |b how to converse, dine, tip, drive, bargain, dress, make friends & conduct business while in Europe /  |c Nancy L. Braganti and Elizabeth Devine. 
264 1 |a Deephaven, MN :  |b Meadowbrook Books,  |c [1984] 
264 4 |c ©1984 
300 |a xi, 273 pages :  |b illustrations ;  |c 20 cm. 
336 |a text  |b txt  |2 rdacontent 
337 |a unmediated  |b n  |2 rdamedia 
338 |a volume  |b nc  |2 rdacarrier 
650 0 |a Etiquette  |z Europe. 
651 0 |a Europe  |x Social life and customs. 
651 0 |a Europe  |x Description and travel  |x Guidebooks. 
700 1 |a Devine, Elizabeth,  |d 1938- 
740 0 |a European customs & manners. 
999 |a MARS 
999 f f |s 2cdd130c-fee8-3597-9117-f4608549b536  |i d197a061-a73d-3539-8e30-0a31249ec292  |t 0 
952 f f |p ric  |a Texas A&M University  |b Rellis Campus  |c Joint Library Facility  |d Remote Storage  |t 0  |e D909 .B722 1984  |h Library of Congress classification  |i unmediated -- volume  |m A14810031440 
998 f f |a D909 .B722 1984  |t 0  |l Remote Storage